<?xml version="1.0" encoding="UTF-8"?>
<record
    xmlns:xsi="http://www.w3.org/2001/XMLSchema-instance"
    xsi:schemaLocation="http://www.loc.gov/MARC21/slim http://www.loc.gov/standards/marcxml/schema/MARC21slim.xsd"
    xmlns="http://www.loc.gov/MARC21/slim">

  <leader>00865nam a22002297a 4500</leader>
  <datafield tag="999" ind1=" " ind2=" ">
    <subfield code="c">144281</subfield>
    <subfield code="d">144281</subfield>
  </datafield>
  <controlfield tag="005">20230724150102.0</controlfield>
  <datafield tag="010" ind1=" " ind2=" ">
    <subfield code="a">1718EN-30     ENG-121708      </subfield>
  </datafield>
  <datafield tag="020" ind1=" " ind2=" ">
    <subfield code="a">9789351507314</subfield>
    <subfield code="c">395.00</subfield>
  </datafield>
  <datafield tag="035" ind1=" " ind2=" ">
    <subfield code="a">EN-105240</subfield>
  </datafield>
  <datafield tag="035" ind1=" " ind2=" ">
    <subfield code="a">B-682745-759</subfield>
  </datafield>
  <datafield tag="037" ind1=" " ind2=" ">
    <subfield code="b">Aakar/Ven.</subfield>
  </datafield>
  <datafield tag="037" ind1=" " ind2=" ">
    <subfield code="b">DBAD/PUB</subfield>
  </datafield>
  <datafield tag="082" ind1=" " ind2=" ">
    <subfield code="a">646.7</subfield>
  </datafield>
  <datafield tag="100" ind1=" " ind2=" ">
    <subfield code="a">Wadkar, Alka</subfield>
  </datafield>
  <datafield tag="245" ind1=" " ind2=" ">
    <subfield code="a">Life skills for success/ </subfield>
    <subfield code="c">by Alka Wadkar </subfield>
  </datafield>
  <datafield tag="260" ind1=" " ind2=" ">
    <subfield code="a">New Delhi</subfield>
    <subfield code="b">SAGE Publications</subfield>
    <subfield code="c">2016</subfield>
  </datafield>
  <datafield tag="270" ind1=" " ind2=" ">
    <subfield code="a">B1/I-1 Mohan Cooperative Industrial Area, Mathura Road</subfield>
    <subfield code="b">New Delhi</subfield>
    <subfield code="e">110044</subfield>
  </datafield>
  <datafield tag="300" ind1=" " ind2=" ">
    <subfield code="a">xvi,406p.:</subfield>
    <subfield code="c">24cm(pbk)</subfield>
  </datafield>
  <datafield tag="500" ind1=" " ind2=" ">
    <subfield code="a">Includes bibliographical references and index</subfield>
  </datafield>
  <datafield tag="942" ind1=" " ind2=" ">
    <subfield code="2">ddc</subfield>
    <subfield code="c">EN</subfield>
    <subfield code="m">WAD</subfield>
    <subfield code="h">646.7</subfield>
  </datafield>
  <datafield tag="952" ind1=" " ind2=" ">
    <subfield code="0">0</subfield>
    <subfield code="1">0</subfield>
    <subfield code="4">0</subfield>
    <subfield code="7">0</subfield>
    <subfield code="8">NFIC</subfield>
    <subfield code="a">NR</subfield>
    <subfield code="b">NR</subfield>
    <subfield code="d">2017-12-01</subfield>
    <subfield code="e">DBAD/PUB</subfield>
    <subfield code="g">395.00</subfield>
    <subfield code="l">0</subfield>
    <subfield code="o">646.7 WAD</subfield>
    <subfield code="p">EN-105240</subfield>
    <subfield code="r">2017-12-01 00:00:00</subfield>
    <subfield code="t">1</subfield>
    <subfield code="v">395.00</subfield>
    <subfield code="y">EN</subfield>
  </datafield>
  <datafield tag="952" ind1=" " ind2=" ">
    <subfield code="0">0</subfield>
    <subfield code="1">0</subfield>
    <subfield code="4">0</subfield>
    <subfield code="7">0</subfield>
    <subfield code="8">NFIC</subfield>
    <subfield code="a">L</subfield>
    <subfield code="b">L</subfield>
    <subfield code="d">2018-01-16</subfield>
    <subfield code="e">Aakar/I-2012/30.11.17/BPPD/EN/2017-18/631/20.11.17/14.12.2017</subfield>
    <subfield code="g">395.00</subfield>
    <subfield code="l">10</subfield>
    <subfield code="m">2</subfield>
    <subfield code="o">646.7 WAD</subfield>
    <subfield code="p">B-682745</subfield>
    <subfield code="q">2019-05-04</subfield>
    <subfield code="r">2019-04-20 00:00:00</subfield>
    <subfield code="s">2019-04-20</subfield>
    <subfield code="t">1</subfield>
    <subfield code="v">395.00</subfield>
    <subfield code="y">EN</subfield>
  </datafield>
  <datafield tag="952" ind1=" " ind2=" ">
    <subfield code="0">0</subfield>
    <subfield code="1">0</subfield>
    <subfield code="4">0</subfield>
    <subfield code="7">0</subfield>
    <subfield code="8">NFIC</subfield>
    <subfield code="a">M</subfield>
    <subfield code="b">M</subfield>
    <subfield code="d">2018-01-16</subfield>
    <subfield code="e">Aakar/I-2012/30.11.17/BPPD/EN/2017-18/631/20.11.17/14.12.2017</subfield>
    <subfield code="g">395.00</subfield>
    <subfield code="l">0</subfield>
    <subfield code="o">646.7 WAD</subfield>
    <subfield code="p">B-682746</subfield>
    <subfield code="r">2018-01-16 00:00:00</subfield>
    <subfield code="t">2</subfield>
    <subfield code="v">395.00</subfield>
    <subfield code="y">EN</subfield>
  </datafield>
  <datafield tag="952" ind1=" " ind2=" ">
    <subfield code="0">0</subfield>
    <subfield code="1">0</subfield>
    <subfield code="4">0</subfield>
    <subfield code="7">0</subfield>
    <subfield code="8">NFIC</subfield>
    <subfield code="a">M</subfield>
    <subfield code="b">M</subfield>
    <subfield code="d">2018-01-16</subfield>
    <subfield code="e">Aakar/I-2012/30.11.17/BPPD/EN/2017-18/631/20.11.17/14.12.2017</subfield>
    <subfield code="g">395.00</subfield>
    <subfield code="l">0</subfield>
    <subfield code="o">646.7 WAD</subfield>
    <subfield code="p">B-682747</subfield>
    <subfield code="r">2018-01-16 00:00:00</subfield>
    <subfield code="t">2</subfield>
    <subfield code="v">395.00</subfield>
    <subfield code="y">EN</subfield>
  </datafield>
  <datafield tag="952" ind1=" " ind2=" ">
    <subfield code="0">0</subfield>
    <subfield code="1">0</subfield>
    <subfield code="4">0</subfield>
    <subfield code="7">0</subfield>
    <subfield code="8">NFIC</subfield>
    <subfield code="a">AV</subfield>
    <subfield code="b">AV</subfield>
    <subfield code="d">2018-01-16</subfield>
    <subfield code="e">Aakar/I-2012/30.11.17/BPPD/EN/2017-18/631/20.11.17/14.12.2017</subfield>
    <subfield code="g">395.00</subfield>
    <subfield code="l">9</subfield>
    <subfield code="m">3</subfield>
    <subfield code="o">646.7 WAD</subfield>
    <subfield code="p">B-682748</subfield>
    <subfield code="r">2023-02-27 00:00:00</subfield>
    <subfield code="s">2022-12-23</subfield>
    <subfield code="t">1</subfield>
    <subfield code="v">395.00</subfield>
    <subfield code="y">EN</subfield>
  </datafield>
  <datafield tag="952" ind1=" " ind2=" ">
    <subfield code="0">0</subfield>
    <subfield code="1">0</subfield>
    <subfield code="4">0</subfield>
    <subfield code="7">0</subfield>
    <subfield code="8">NFIC</subfield>
    <subfield code="a">BL1</subfield>
    <subfield code="b">BL1</subfield>
    <subfield code="d">2018-01-16</subfield>
    <subfield code="e">Aakar/I-2012/30.11.17/BPPD/EN/2017-18/631/20.11.17/14.12.2017</subfield>
    <subfield code="g">395.00</subfield>
    <subfield code="l">5</subfield>
    <subfield code="m">1</subfield>
    <subfield code="o">646.7 WAD</subfield>
    <subfield code="p">B-682749</subfield>
    <subfield code="r">2023-08-28 00:00:00</subfield>
    <subfield code="s">2023-08-22</subfield>
    <subfield code="t">1</subfield>
    <subfield code="v">395.00</subfield>
    <subfield code="y">EN</subfield>
  </datafield>
  <datafield tag="952" ind1=" " ind2=" ">
    <subfield code="0">0</subfield>
    <subfield code="1">0</subfield>
    <subfield code="4">0</subfield>
    <subfield code="7">0</subfield>
    <subfield code="8">NFIC</subfield>
    <subfield code="a">KGM</subfield>
    <subfield code="b">KGM</subfield>
    <subfield code="d">2018-01-16</subfield>
    <subfield code="e">Aakar/I-2012/30.11.17/BPPD/EN/2017-18/631/20.11.17/14.12.2017</subfield>
    <subfield code="g">395.00</subfield>
    <subfield code="l">0</subfield>
    <subfield code="o">646.7 WAD</subfield>
    <subfield code="p">B-682750</subfield>
    <subfield code="r">2018-01-16 00:00:00</subfield>
    <subfield code="t">1</subfield>
    <subfield code="v">395.00</subfield>
    <subfield code="y">EN</subfield>
  </datafield>
  <datafield tag="952" ind1=" " ind2=" ">
    <subfield code="0">0</subfield>
    <subfield code="1">0</subfield>
    <subfield code="4">0</subfield>
    <subfield code="7">0</subfield>
    <subfield code="8">NFIC</subfield>
    <subfield code="a">PR</subfield>
    <subfield code="b">PR</subfield>
    <subfield code="d">2018-01-16</subfield>
    <subfield code="e">Aakar/I-2012/30.11.17/BPPD/EN/2017-18/631/20.11.17/14.12.2017</subfield>
    <subfield code="g">395.00</subfield>
    <subfield code="l">0</subfield>
    <subfield code="o">646.7 WAD</subfield>
    <subfield code="p">B-682751</subfield>
    <subfield code="r">2018-01-16 00:00:00</subfield>
    <subfield code="t">1</subfield>
    <subfield code="v">395.00</subfield>
    <subfield code="y">EN</subfield>
  </datafield>
  <datafield tag="952" ind1=" " ind2=" ">
    <subfield code="0">0</subfield>
    <subfield code="1">0</subfield>
    <subfield code="4">0</subfield>
    <subfield code="7">0</subfield>
    <subfield code="8">NFIC</subfield>
    <subfield code="a">TN</subfield>
    <subfield code="b">TN</subfield>
    <subfield code="d">2018-01-16</subfield>
    <subfield code="e">Aakar/I-2012/30.11.17/BPPD/EN/2017-18/631/20.11.17/14.12.2017</subfield>
    <subfield code="g">395.00</subfield>
    <subfield code="l">8</subfield>
    <subfield code="o">646.7 WAD</subfield>
    <subfield code="p">B-682752</subfield>
    <subfield code="r">2021-10-27 00:00:00</subfield>
    <subfield code="s">2021-10-23</subfield>
    <subfield code="t">1</subfield>
    <subfield code="v">395.00</subfield>
    <subfield code="y">EN</subfield>
  </datafield>
  <datafield tag="952" ind1=" " ind2=" ">
    <subfield code="0">0</subfield>
    <subfield code="1">0</subfield>
    <subfield code="4">0</subfield>
    <subfield code="7">0</subfield>
    <subfield code="8">NFIC</subfield>
    <subfield code="a">JP</subfield>
    <subfield code="b">JP</subfield>
    <subfield code="d">2018-01-16</subfield>
    <subfield code="e">Aakar/I-2012/30.11.17/BPPD/EN/2017-18/631/20.11.17/14.12.2017</subfield>
    <subfield code="g">395.00</subfield>
    <subfield code="l">22</subfield>
    <subfield code="m">4</subfield>
    <subfield code="o">646.7 WAD</subfield>
    <subfield code="p">B-682753</subfield>
    <subfield code="r">2026-02-27 00:00:00</subfield>
    <subfield code="s">2026-02-24</subfield>
    <subfield code="t">1</subfield>
    <subfield code="v">395.00</subfield>
    <subfield code="y">EN</subfield>
  </datafield>
  <datafield tag="952" ind1=" " ind2=" ">
    <subfield code="0">0</subfield>
    <subfield code="1">0</subfield>
    <subfield code="4">0</subfield>
    <subfield code="7">0</subfield>
    <subfield code="8">NFIC</subfield>
    <subfield code="a">ZLS</subfield>
    <subfield code="b">ZLS</subfield>
    <subfield code="d">2018-01-16</subfield>
    <subfield code="e">Aakar/I-2012/30.11.17/BPPD/EN/2017-18/631/20.11.17/14.12.2017</subfield>
    <subfield code="g">395.00</subfield>
    <subfield code="l">5</subfield>
    <subfield code="m">4</subfield>
    <subfield code="o">646.7 WAD</subfield>
    <subfield code="p">B-682754</subfield>
    <subfield code="r">2020-10-12 00:00:00</subfield>
    <subfield code="s">2020-03-14</subfield>
    <subfield code="t">1</subfield>
    <subfield code="v">395.00</subfield>
    <subfield code="y">EN</subfield>
  </datafield>
  <datafield tag="952" ind1=" " ind2=" ">
    <subfield code="0">0</subfield>
    <subfield code="1">0</subfield>
    <subfield code="4">0</subfield>
    <subfield code="7">0</subfield>
    <subfield code="8">NFIC</subfield>
    <subfield code="a">NRR</subfield>
    <subfield code="b">NRR</subfield>
    <subfield code="d">2018-01-16</subfield>
    <subfield code="e">Aakar/I-2012/30.11.17/BPPD/EN/2017-18/631/20.11.17/14.12.2017</subfield>
    <subfield code="g">395.00</subfield>
    <subfield code="l">0</subfield>
    <subfield code="o">646.7 WAD</subfield>
    <subfield code="p">B-682755</subfield>
    <subfield code="r">2018-01-16 00:00:00</subfield>
    <subfield code="t">1</subfield>
    <subfield code="v">395.00</subfield>
    <subfield code="y">EN</subfield>
  </datafield>
  <datafield tag="952" ind1=" " ind2=" ">
    <subfield code="0">0</subfield>
    <subfield code="1">0</subfield>
    <subfield code="4">0</subfield>
    <subfield code="7">0</subfield>
    <subfield code="8">NFIC</subfield>
    <subfield code="a">BKK</subfield>
    <subfield code="b">BKK</subfield>
    <subfield code="d">2018-01-16</subfield>
    <subfield code="e">Aakar/I-2012/30.11.17/BPPD/EN/2017-18/631/20.11.17/14.12.2017</subfield>
    <subfield code="g">395.00</subfield>
    <subfield code="l">3</subfield>
    <subfield code="m">2</subfield>
    <subfield code="o">646.7 WAD</subfield>
    <subfield code="p">B-682756</subfield>
    <subfield code="r">2024-02-28 00:00:00</subfield>
    <subfield code="s">2024-02-17</subfield>
    <subfield code="t">1</subfield>
    <subfield code="v">395.00</subfield>
    <subfield code="y">EN</subfield>
  </datafield>
  <datafield tag="952" ind1=" " ind2=" ">
    <subfield code="0">0</subfield>
    <subfield code="1">0</subfield>
    <subfield code="4">0</subfield>
    <subfield code="7">0</subfield>
    <subfield code="8">NFIC</subfield>
    <subfield code="a">NR</subfield>
    <subfield code="b">NR</subfield>
    <subfield code="d">2018-01-16</subfield>
    <subfield code="e">Aakar/I-2012/30.11.17/BPPD/EN/2017-18/631/20.11.17/14.12.2017</subfield>
    <subfield code="g">395.00</subfield>
    <subfield code="l">0</subfield>
    <subfield code="o">646.7 WAD</subfield>
    <subfield code="p">B-682757</subfield>
    <subfield code="r">2018-01-16 00:00:00</subfield>
    <subfield code="t">1</subfield>
    <subfield code="v">395.00</subfield>
    <subfield code="y">EN</subfield>
  </datafield>
  <datafield tag="952" ind1=" " ind2=" ">
    <subfield code="0">0</subfield>
    <subfield code="1">0</subfield>
    <subfield code="4">0</subfield>
    <subfield code="7">0</subfield>
    <subfield code="8">NFIC</subfield>
    <subfield code="a">BN</subfield>
    <subfield code="b">BN</subfield>
    <subfield code="d">2018-01-16</subfield>
    <subfield code="e">Aakar/I-2012/30.11.17/BPPD/EN/2017-18/631/20.11.17/14.12.2017</subfield>
    <subfield code="g">395.00</subfield>
    <subfield code="l">5</subfield>
    <subfield code="o">646.7 WAD</subfield>
    <subfield code="p">B-682758</subfield>
    <subfield code="r">2025-07-14 00:00:00</subfield>
    <subfield code="s">2025-06-30</subfield>
    <subfield code="t">1</subfield>
    <subfield code="v">395.00</subfield>
    <subfield code="y">EN</subfield>
  </datafield>
  <datafield tag="952" ind1=" " ind2=" ">
    <subfield code="0">0</subfield>
    <subfield code="1">0</subfield>
    <subfield code="4">0</subfield>
    <subfield code="7">0</subfield>
    <subfield code="8">NFIC</subfield>
    <subfield code="a">BL4</subfield>
    <subfield code="b">BL4</subfield>
    <subfield code="d">2018-01-16</subfield>
    <subfield code="e">Aakar/I-2012/30.11.17/BPPD/EN/2017-18/631/20.11.17/14.12.2017</subfield>
    <subfield code="g">395.00</subfield>
    <subfield code="l">0</subfield>
    <subfield code="o">646.7 WAD</subfield>
    <subfield code="p">B-682759</subfield>
    <subfield code="r">2018-01-16 00:00:00</subfield>
    <subfield code="t">1</subfield>
    <subfield code="v">395.00</subfield>
    <subfield code="y">EN</subfield>
  </datafield>
</record>
